Регионална библиотека "Любен Каравелов" - Русе

Химн [аудио CD] (Запис номер 222752)

MARC детайли
000 -Лидер
Контролно поле с фиксирана дължина 01429njm a2200325 c 4500
003 - Код на организацията, давaща контролен номер
Контролно поле BLK
005 - Дата и час на последна редакция
Контролно поле 20180422121524.0
008 - Елементи от данни с фиксирана дължина
fixed length control field 180410b bul||n||s|||||||| n|bulo|
010 ## - Наследен системен номер
LC control number CDD00004711000
040 ## - Източник на каталожния запис
Идентификатор на билиотеката - собственик на записа BLK
041 ## - Код за език
Код за езика на текст/звукозапис или на отделно заглавие Български
Код за езика КДБФ Български
080 ## - УДК
Текстов определител УДК Американска литература (на САЩ)
УДК код - определител по УДК 821.111(73)
УДК определител -31(086.7)
УДК - код + определител 821.111(73)-31(086.7)
100 1# - Редна дума - Автор
Автор Ранд, Айн
Авторска отговорност първи автор
Автор - информация (биография) Розенбаум, Алиса Зиновиевна
R(LIN) 263604
139 ## - Редно поле
Редна дума Ранд, Айн
Авторски знак Ранг - Р 35
245 10 - Сведения за заглавието
Заглавие Химн [аудио CD]
Редно поле (дума) Айн Ранд; прев. от англ. Милена Попова; четец на текст Татяна Лолова.
257 ## - Страна на издаване
Страна на създаване/издаване Съединени американски щати
260 ## - Област на издателските данни
-- София
Име на издателя, разпространителя и проч. Изток-Запад
Година на издаване 2010
300 ## - Физическа характеристика
Страници (1 ч. 59 мин. 50 сек.)
Размери/Мащаб 12 см
306 ## - Продължителност на изпълнението
-- ф
380 ## - Жанр
Жанр Худож. лит.
500 ## - Общи забележки
Забележка Ориг. загл. Anthem / Ayn Rand. - Айн Ранд - псевд. на Алиса Зиновиевна Розенбаум. - Прил. към кн. със същото загл. и сигн. 251356. - Дигитално изд.
653 ## - Ключова дума – ненормативна
Ключова дума романи
700 1# - Други автори (авторска отговорност)
Лично име Попова, Милена
Автороска отговорност (Описва отношението между автора и произведението) прев. от англ.
9 (RLIN) 366614
700 1# - Други автори (авторска отговорност)
Лично име Лолова, Татяна
Автороска отговорност (Описва отношението между автора и произведението) четец на текст
9 (RLIN) 354826
852 ## - Местоположение
Форматна сигнатура Цб CD 2697
Част 0
856 4# - Електронен адрес и достъп
Електронен формат pdf - файл
Път до файла /url/
856 4# - Електронен адрес и достъп
Електронен формат pdf - файл
Път до файла /url/
942 ## - АРТИКУЛИ
Вид на библиотечния материал Компактдискове
Скрит в OPAC Не
944 ## - СЪЗДАВАНЕ И РЕДАКЦИЯ на ЗАПИСА
Създаване/Редакция Създаване
Дата на регистрацията/редакция 25.03.2011
Служител, извършил регистрацията/редакцията Людмила_Стоянова
944 ## - СЪЗДАВАНЕ И РЕДАКЦИЯ на ЗАПИСА
Създаване/Редакция Редакция
Дата на регистрацията/редакция 03.05.2011
Служител, извършил регистрацията/редакцията
999 ## - СИСТЕМНИ КОНТРОЛНИ НОМЕРА
Koha biblionumber 222752
Koha biblioitemnumber 222752
Наличности
Код за отписване Код за изгубен артикул Код за повреда Коз за рестрикции Код за отдаване Артикулен № Име на библиотеката - собственик Име на библиотеката, в която се намира в момента Статус (Текущо местоположение) Дата на вписване в системата Местоположение - отдел Цена в лева Инвентарен номер Систематично азбучна сигнатура Баркод Номер на екземпляра Цена в евро Служебна бележка Служебен тип на артикула
  Не е изгубен Не е повреден без рестрикции ползва се в читалня 394748 Регионална библиотека "Любен Каравелов" Русе Регионална библиотека "Любен Каравелов" Русе Хранилище 2011-03-23 Хранилище 2.00 250000004431 Цб CD 2697 250000004431 1 1.02 Дост: Dp Вид: Д N: 28 Дата: 14.07.2010 Съставил: Валя_Йорданова Компактдискове
Изтеглен Не е изгубен Не е повреден без рестрикции заемане за дома 394749 Регионална библиотека "Любен Каравелов" Русе Регионална библиотека "Любен Каравелов" Русе Заемна - подръчен фонд 2011-04-15 Заемна - подръчен фонд 2.00 250000004507 П 820(73)-31/Р 35 250000004507 2 1.02 Дост: DA Вид: А N: 6 Дата: 15.04.2011 Съставил: Валя_Йорданова Компактдискове
Vip Innovations Ltd, Rousse, Bulgaria 2025